LEADER 01134nam a2200277 u 4500 001 000000119769 003 CaOOAMICUS 005 20100204103509.0 008 100204s1986 enkd u000 u eng r 020 $a0-631-14807-8 040 $aPUL$bita$dMCT 245 04$aThe Nature of time /$cedited by Raymond Flood and Michael Lockwood. 260 $aOxford :$bB. Blackwell,$cc1986. 300 $aviii, 187 p. :$bgrafici ;$c24 cm 500 $aInclude indice. 504 $aInclude riferimenti bibliografici. 650 4$aTempo (filosofia)$ySec. XX.$0(OLS)http://pul/subject/27499 650 4$aSpazio e tempo.$0(OLS)http://pul/subject/23972 700 1 $aFlood, Raymond.$0(OLS)http://pul/name/74886 700 1 $aLockwood, Michael.$0(OLS)http://pul/name/74887 850 $aPUL 852 $aPUL$W1$xDP1 Filosofia 1$y19$m590 A 25$j137412$qStampati$B136488$CPULBib$Z2$F136488 $H56463 $82 941 1 $a8 996 $6020$a0-631-14807-8$9(OLS)http://pul/number/143207 996 $6245$aThe Nature of time$9(OLS)http://pul/title/150695 996 $6260$aOxford :$bB. Blackwell$9(OLS)http://pul/publisher/52822 LEADER 01144nam a2200265 u 4500 001 000000064448 003 CaOOAMICUS 005 20070226121346.0 008 011119m1932 it u000 u ita u 035 $a10910450 040 $aPUL(R)$bita 041 1 $aita$hger 100 1 $aLange, Friedrich Albert,$d1828-1875.$0(OLS)http://pul/name/43554 240 10$aGeschichte des Materialismus und Kritik seiner Bedeutung in der Gegenwart.$lItaliano.$0(OLS)http://pul/title/85878 245 10$aStoria del materialismo /$cF.A. Lange ; traduzione di Angelo Treves. 260 $aMilano :$bMonanni,$c1932. 300 $a2 v. ;$c22 cm 650 4$aMaterialismo storico.$0(OLS)http://pul/subject/7205 700 1 $aTreves, Angelo.$0(OLS)http://pul/name/24905 850 $aPUL 852 $aPUL$W1$xDP2 Filosofia 1$y62$m85 H 9$j83553$nBK-PRI$qStampati$B83554$CPULBib$Z2$F83554 $82 852 $aPUL$W1$xDP2 Filosofia 1$y62$m85 H 8$j158470$nBK-PRI$qStampati$B83553$CPULBib$Z2$F83553 $82 941 1 $a8 996 $6245$aStoria del materialismo$9(OLS)http://pul/title/85879 996 $6260$aMilano :$bMonanni$9(OLS)http://pul/publisher/53595